000 00297nam a2200109Ia 4500
008 171211s9999 xx 000 0 und d
245 _aShould I Still Wish : A Memoir
245 _cJohn W. Evans
260 _c2009
650 _xSexuality
856 _uhttp://down.ebook777.com/059/9780803295223.pdf
999 _c350788
_d350788